00555nam a22001457a 4500003000400000005001700004008004100021040001400062100003300076245009900109260001000208300003300218500013000251504002800381OSt20171010095534.0121008t xxu||||| |||| 00| 0 eng d aMMSUcULS aBugaoisan, Joash F., et al.  aTraffic monitoring system along busy intersections of Laoag City cJoash F. Bugaoisan, et al.  c2008  axiii, [181] leaves c28 cm.  aThesis (BS Electronics & Communications Engineering) -- Mariano Marcos State University-College of Engineering, Batac City  aBibliography: leaf 135